000 01662nam a2200241Ia 4500
003 OSt
005 20210531115431.0
008 210310s2011 ck ad gr 000 0 spa d
040 _aCO-JMCR
_cCO-JMCR
041 0 _aspa
082 0 4 _a330 /
_bC797p
_223
110 2 _aCorporación Financiera Colombiana
_938020
245 1 0 _aPerspectivas económicas Corficolombiana proyecciones 2012 :
_bBancos centrales al rescate /
_cCorporación Financiera Colombiana
260 _aBogotá :
_bCorficolombiana,
_c2011.
300 _a111 páginas :
_bilustraciones y gráficas en blanco y negro ;
_c28 cm.
501 _aCon: notas a pie de página.
505 _aPerspectiva macroeconómica: creciendo en potencial. -- Recuadro, el repunte de la industria. -- Sistema financiero: bien preparado. -- Contexto externo: banco central al rescate. -- Recuadro, Grecia: el problema de restructurar. -- V. Cuentas externas: bien respaldadas. -- Recuadro, cuidando la línea. -- VI. Inflación y política monetaria: estabilidad. -- Recuadro, inicio de la regla fiscal en 2012. -- VIII. Mercado cambiario: vuelve la apreciación. -- Recuadro. IED: motor de la revaluación. -- Recuadro, precios del petróleo en 2012. -- Recuadro, crudo pero bueno. -- IX. mercado de deuda: un mundo más plano. -- Resumen de proyecciones económicas y supuestos internacionales.
650 1 4 _aCorficolombiana
_vPublicaciones seriadas
_xInvestigaciones
_926391
650 2 4 _aEconomía
_vInvestigaciones
_zColombia
_938022
650 2 4 _aPublicaciones seriadas
_vAnálisis económico
_zColombia
_938023
650 2 4 _aPublicaciones seriadas
_vDesarrollo económico
_zColombia
_938024
942 _2ddc
_cBK
999 _c11766
_d11766